La Momie dans la crypte : (Record no. 3868)

MARC details
000 -LEADER
fixed length control field 01043pam a2200289 a 4500
001 - CONTROL NUMBER
control field 3868
003 - CONTROL NUMBER IDENTIFIER
control field FISKH
005 - DATE AND TIME OF LATEST TRANSACTION
control field 20240520112309.0
008 - FIXED-LENGTH DATA ELEMENTS--GENERAL INFORMATION
fixed length control field 240520b cb ||||| |||| 00| 0 fre d
010 ## - LIBRARY OF CONGRESS CONTROL NUMBER
LC control number 83007223
020 ## - INTERNATIONAL STANDARD BOOK NUMBER
International Standard Book Number 9782268052243
020 ## - INTERNATIONAL STANDARD BOOK NUMBER
International Standard Book Number 080370030X (lib. bdg.)
040 ## - CATALOGING SOURCE
Original cataloging agency DLC
Transcribing agency DLC
Modifying agency DLC
Language of cataloging eng
042 ## - AUTHENTICATION CODE
Authentication code lcac
050 00 - LIBRARY OF CONGRESS CALL NUMBER
Classification number PZ7.B413
Item number Mu 1983
082 00 - DEWEY DECIMAL CLASSIFICATION NUMBER
Classification number [Fic]
Edition number 19
100 1# - MAIN ENTRY--PERSONAL NAME
Personal name Bellairs, John.
245 14 - TITLE STATEMENT
Title La Momie dans la crypte :
Statement of responsibility, etc. John Bellairs
260 ## - PUBLICATION, DISTRIBUTION, ETC.
Place of publication, distribution, etc. New York :
Name of publisher, distributor, etc. Editions du Rocher,
Date of publication, distribution, etc. 2004
300 ## - PHYSICAL DESCRIPTION
Extent 229 pages :
Other physical details illustrations,
Dimensions 22 cm
500 ## - GENERAL NOTE
General note Sequel to: The curse of the blue figurine.
520 ## - SUMMARY, ETC.
Summary, etc. Twelve-year old Johnny Dixon and his friend Professor Childermass look for the hidden will left by an eccentric cereal tycoon who wished to make life difficult for his heirs after his own death by suicide.
650 #1 - SUBJECT ADDED ENTRY--TOPICAL TERM
Topical term or geographic name entry element Mystery and detective stories.
650 #1 - SUBJECT ADDED ENTRY--TOPICAL TERM
Topical term or geographic name entry element Inheritance and succession
General subdivision Fiction.
906 ## - LOCAL DATA ELEMENT F, LDF (RLIN)
a 7
b cbc
c orignew
d 1
e ocip
f 19
g y-gencatlg
942 ## - ADDED ENTRY ELEMENTS (KOHA)
Source of classification or shelving scheme Dewey Decimal Classification
Koha item type Books
Suppress in OPAC No
Holdings
Withdrawn status Lost status Source of classification or shelving scheme Damaged status Not for loan Collection Home library Current library Shelving location Date acquired Total Checkouts Full call number Barcode Date last seen Date last checked out Price effective from Koha item type
    Dewey Decimal Classification     Juvenile Fiction Footprints International School Library Network Toul Kork Campus Footprints International School Library Network Toul Kork Campus TK Floor 4 Rear Hallway Shelf 1 (Adult/Secondary Foriegn Language/Khmer) 05/20/2024 1 BEL Fic PZ7.B413 2024-0646 12/16/2025 01/14/2025 05/20/2024 Books